|
|
|
|
| LEADER |
00000nab a2200000 ar4500 |
| 001 |
vtls011589744 |
| 003 |
SK-MaSNL |
| 005 |
20260304224015.0 |
| 008 |
161028c2016 xo wr|p|||||||000 b|slo |
| 038 |
|
|
|a PPPK
|
| 040 |
|
|
|a PPPKCL
|b slo
|c PPPKCL
|e AACR2
|
| 041 |
0 |
|
|a slo
|
| 044 |
|
|
|a xo
|c SK
|
| 080 |
|
|
|a 52
|x (437.6)
|2 2011
|
| 245 |
0 |
0 |
|a Literárny fond ocenil Vojtecha Rušina
|
| 500 |
|
|
|a Autor článku nie je uvedený.
|
| 600 |
1 |
7 |
|a Rušin, Vojtech,
|d 1942-
|t eXtrémy
|2 pppkcl
|9 1317704
|
| 610 |
2 |
7 |
|a Literárny fond Slovenskej republiky
|b Sekcia pre vedeckú a odbornú literatúru a počítačové programy
|2 snkbucl
|9 1101347
|
| 648 |
|
7 |
|a 2005
|2 pppkcl
|9 305506
|
| 650 |
0 |
7 |
|a astronómia
|2 pppkcl
|9 730
|
| 650 |
0 |
7 |
|a osobnosti
|2 pppkcl
|9 29820
|
| 650 |
0 |
7 |
|a ceny a vyznamenania
|2 pppkcl
|9 73045
|
| 650 |
0 |
7 |
|a odborná literatúra
|2 pppkcl
|9 63941
|
| 651 |
|
7 |
|a Spišské Hanušovce (Slovensko)
|2 pppkcl
|9 28522
|
| 651 |
|
7 |
|a Tatranská Lomnica (Vysoké Tatry, Slovensko)
|2 SNKPHgeo
|9 160914
|
| 773 |
0 |
|
|t Podtatranské noviny
|g Roč. LVI, č. 40 (2016), s. 3
|x 1210-2423
|
| 852 |
|
|
|a PPPK
|b KIS3GCP
|
| 999 |
|
|
|c 3170613
|d 3172543
|